[Event "SVK-ch U10"]
[Site "Tatralandia"]
[Date "2024.04.07"]
[Round "3"]
[White "Ostrozlik, Filip"]
[Black "Kyrc, Filip"]
[Result "0-1"]
[WhiteElo "1320"]
[BlackElo "1417"]
[PlyCount "114"]
[EventDate "2024.04.05"]
[EventType "swiss"]
[EventRounds "9"]
[EventCountry "SVK"]
[SourceTitle "CB16_2024"]
[SourceDate "2024.04.17"]
[SourceVersion "1"]
[SourceVersionDate "2024.04.17"]
[SourceQuality "1"]

1. e4 c5 2. Nf3 e6 3. Nc3 a6 4. a4 Qc7 5. Be2 Nc6 6. d4 cxd4 7. Nxd4 Nf6 8. 0-0 Be7 9. Be3 0-0 10. Bg5 b6 11. Nxc6 dxc6 12. f4 h6 13. Bh4 Bb7 14. e5 Nd5 15. Bxe7 Qxe7 16. Nxd5 cxd5 17. c4 dxc4 18. Bxc4 Qc5+ 19. Kh1 Qxc4 20. b3 Qd5 21. Qxd5 Bxd5 22. b4 f6 23. b5 axb5 24. axb5 Rxa1 25. Rxa1 fxe5 26. fxe5 Bc4 27. Kg1 Bxb5 28. Rb1 Ba6 29. Ra1 Bd3 30. Rd1 Bh7 31. Rd6 Rb8 32. Rxe6 Kf7 33. Rd6 b5 34. Rd7+ Ke6 35. Rxg7 b4 36. Rxh7 b3 37. Rxh6+ Kxe5 38. Rh5+ Kf6 39. g4 b2 40. Rf5+ Kg6 41. Rf1 b1Q 42. Rxb1 Rxb1+ 43. Kg2 Rb2+ 44. Kh3 Kg5 45. Kg3 Rb3+ 46. Kg2 Kxg4 47. Kf2 Kh3 48. Kg1 Rb2 49. Kf1 Kxh2 50. Ke1 Kg3 51. Kd1 Kf3 52. Kc1 Rh2 53. Kb1 Ke3 54. Ka1 Kd3 55. Kb1 Kc3 56. Ka1 Kb3 57. Kb1 Rh1# 0-1

[Event "SVK-ch U08"]
[Site "Stara Lubovna"]
[Date "2022.05.25"]
[Round "6"]
[White "Ostrozlik, Filip"]
[Black "Zelovic, Matej"]
[Result "1/2-1/2"]
[WhiteElo "1000"]
[BlackElo "1000"]
[PlyCount "22"]
[EventDate "2022.05.21"]
[EventType "swiss"]
[EventRounds "9"]
[EventCountry "SVK"]
[SourceTitle "CBM 208 Extra"]
[Source "ChessBase"]
[SourceDate "2022.07.31"]
[SourceVersion "1"]
[SourceVersionDate "2022.07.31"]
[SourceQuality "1"]

1. b3 b6 2. Bb2 Bb7 3. Nc3 Nc6 4. Nf3 Nf6 5. e4 e5 6. Bc4 Bc5 7. 0-0 0-0 8. h3 h6 9. Nd5 Nxd5 10. Bxd5 d6 11. a3 a5 1/2-1/2